Normal view
MARC view
- الشعر الشعبي العربي-الاردن-شعر الرثاء
Entry Topical Term
001 - CONTROL NUMBER
- control field: 63616
003 - CONTROL NUMBER IDENTIFIER
- control field: JO-AjAnu
005 - DATE AND TIME OF LATEST TRANSACTION
- control field: 20230606084401.0
008 - FIXED-LENGTH DATA ELEMENTS
- fixed length control field: 230606|| aca||aabn | a|a d
040 ## - CATALOGING SOURCE
- Original cataloging agency: JO-AjAnu
- Transcribing agency: JO-AjAnu
150 ## - HEADING--TOPICAL TERM
- Topical term or geographic name entry element: الشعر الشعبي العربي-الاردن-شعر الرثاء
670 ## - SOURCE DATA FOUND
- Source citation: Work cat.: (JO-AjAnu)32434: القرالة، معين خليف, author 63615, المراثي الشعبيه النسويه في الأردن